Анализ тепловой схемы ТЭЦ с одноцилиндровыми турбинами различного давления; Энергетика: эффективность, надёжность, безопасность

Bibliographische Detailangaben
Parent link:Энергетика: эффективность, надёжность, безопасность.— 2011.— [С. 148-152]
1. Verfasser: Ромашова О. Ю. Ольга Юрьевна
Weitere Verfasser: Смоляров А. С.
Zusammenfassung:Заглавие с титульного листа
Электронная версия печатной публикации
Sprache:Russisch
Veröffentlicht: 2011
Schlagworte:
Online-Zugang:http://www.lib.tpu.ru/fulltext/v/Conferences/2011/K06/116057.pdf
Format: Elektronisch Buchkapitel
KOHA link:https://koha.lib.tpu.ru/cgi-bin/koha/opac-detail.pl?biblionumber=223377

MARC

LEADER 00000nla2a2200000 4500
001 223377
005 20240111175449.0
035 |a (RuTPU)RU\TPU\book\243622 
035 |a RU\TPU\book\243620 
090 |a 223377 
100 |a 20121010d2011 k y0rusy50 ca 
101 0 |a rus 
102 |a RU 
105 |a y z 101zy 
135 |a drnn ---uucaa 
181 0 |a i  
182 0 |a b 
200 1 |a Анализ тепловой схемы ТЭЦ с одноцилиндровыми турбинами различного давления  |f О. Ю. Ромашова, А. С. Смоляров 
203 |a Текст  |c электронный 
215 |a 1 файл (384 Кб) 
300 |a Заглавие с титульного листа 
300 |a Электронная версия печатной публикации 
337 |a Adobe Reader 
463 1 |0 (RuTPU)RU\TPU\book\241205  |t Энергетика: эффективность, надёжность, безопасность  |o материалы XVII Всероссийской научно-технической конференции, Томск, 7-9 декабря 2011 г.  |f Национальный исследовательский Томский политехнический университет (ТПУ)  |v [С. 148-152]  |d 2011 
610 1 |a ТЭЦ 
610 1 |a тепловые схемы 
610 1 |a турбины 
610 1 |a анализ 
610 1 |a результаты расчетов 
610 1 |a теплофикационный режим 
610 1 |a конденсация 
610 1 |a электронный ресурс 
610 1 |a труды учёных ТПУ 
700 1 |a Ромашова  |b О. Ю.  |c специалист в области теплоэнергетики  |c доцент Томского политехнического университета, кандидат технических наук  |f 1960-  |g Ольга Юрьевна  |3 (RuTPU)RU\TPU\pers\25534  |9 11464 
701 1 |a Смоляров  |b А. С. 
801 1 |a RU  |b 63413507  |c 20120926 
801 2 |a RU  |b 63413507  |c 20121010  |g RCR 
856 4 |u http://www.lib.tpu.ru/fulltext/v/Conferences/2011/K06/116057.pdf 
942 |c CF